| Tag |
First Indicator |
Second Indicator |
Subfields |
| LEADER |
00000cam a2200000 a 4500 |
| 001 |
in00000074581 |
| 005 |
20151008053605.0 |
| 008 |
801007s1980 quca b 00010 engm |
| 010 |
|
|
|a 80500408
|
| 015 |
|
|
|a C***
|
| 020 |
|
|
|a 2760605035 (pbk.)
|
| 035 |
|
|
|a (OCoLC)06914982
|
| 035 |
|
|
|9 AAH7941AM
|
| 040 |
|
|
|a DLC
|c DLC
|d m.c.
|d TXA
|d UtOrBLW
|
| 049 |
|
|
|a TXAM
|c [800251]
|
| 050 |
0 |
0 |
|a QA166
|b .D55
|
| 082 |
0 |
|
|a 511/.5
|2 19
|
| 100 |
1 |
|
|a Dlab, Vlastimil.
|
| 245 |
1 |
0 |
|a Representations of valued graphs /
|c Vlastimil Dlab.
|
| 264 |
|
1 |
|a Montreal :
|b Presses de l'Universite de Montreal,
|c 1980.
|
| 300 |
|
|
|a 190 pages :
|b illustrations ;
|c 28 cm.
|
| 336 |
|
|
|a text
|b txt
|2 rdacontent
|
| 337 |
|
|
|a unmediated
|b n
|2 rdamedia
|
| 338 |
|
|
|a volume
|b nc
|2 rdacarrier
|
| 490 |
1 |
|
|a Séminaire de mathématiques supérieures ;
|v 73
|
| 504 |
|
|
|a Bibliography: pages [189]-190.
|
| 650 |
|
0 |
|a Representations of graphs.
|
| 830 |
|
0 |
|a Séminaire de mathématiques supérieures ;
|v 73.
|
| 999 |
|
|
|a MARS
|
| 999 |
f |
f |
|s 2a3716df-24b5-39b4-9e82-9bedf8cc58b0
|i 565b1ffc-3031-3b53-8547-24f6f6246cba
|t 0
|
| 952 |
f |
f |
|p ric
|a Texas A&M University
|b Rellis Campus
|c Joint Library Facility
|d Remote Storage
|t 0
|e QA166 .D55
|h Library of Congress classification
|i unmediated -- volume
|m A14806203310
|
| 998 |
f |
f |
|a QA166 .D55
|t 0
|l Remote Storage
|